L’animal stratégique : l’ambiguïté du pouvoir chez les cadres Japonais

保存先:
書誌詳細
第一著者: Turcq, Dominique
フォーマット: 図書
言語:Undetermined
出版事項: Paris Editions de l’Ecole des hautes études en sciences sociales 1985
主題:
タグ: タグ追加
タグなし, このレコードへの初めてのタグを付けませんか!
Thư viện lưu trữ: Trung tâm Học liệu Trường Đại học Cần Thơ
LEADER 00645nam a2200217Ia 4500
001 CTU_107677
008 210402s9999 xx 000 0 und d
082 |a 658.1 
082 |b T933 
100 |a Turcq, Dominique 
245 0 |a L’animal stratégique : 
245 0 |b l’ambiguïté du pouvoir chez les cadres Japonais 
245 0 |c Dominique Turcq 
260 |a Paris 
260 |b Editions de l’Ecole des hautes études en sciences sociales 
260 |c 1985 
650 |a Electronic industries 
650 |x Management 
650 |z Japan 
904 |i Bạch Trúc 
980 |a Trung tâm Học liệu Trường Đại học Cần Thơ